000 01107nam a22001457a 4500
999 _c527950
_d527950
008 241009b ||||| |||| 00| 0 eng d
100 _aSingh, Seema
_959177
245 _aGanga rejuvenation and water conservation
260 _aYojana
300 _a68(10), Oct, 2024: p.28-33
520 _aIndia’s iconic Rever Ganga, revered as ‘Maa Ganga’, faces severs pollution and environmental degradation despite its cultural, spiritual, and econlogical significance. Launched in 1986, the Ganga Action plan amide to reduce pollution, but its success was limited. The Namani Gange Programme ( 2014) has made significant progress in sewage treatment, riverfront development, and public awareness. However, challenges persist due to inadequate infrastructure, climate change, and groundwater extraction. Restoring the Ganga requires collective effort, financial investment, and suitable practices. It’s not just an environmental challenge, but a moral and spiritual responsibility to safeguard India’s heritage and future.- Reproduced
773 _aYojana
906 _aWATER RESOURCES
942 _cAR